000 01459nam a2200373 a 4500
001 ebr10675017
003 CaPaEBR
006 m u
007 cr cn|||||||||
008 080414r20092005nyuac sb 001 0beng d
010 _z 2008017026
020 _z9781604562712 (softcover)
020 _z9781617281600 (e-book)
040 _aCaPaEBR
_cCaPaEBR
035 _a(OCoLC)847729081
043 _an-us---
050 1 4 _aE702.2
_b.C37 2009eb
082 0 4 _a973.8/6092
_aB
_222
245 0 0 _aCaroline Lavinia Scott Harrison
_h[electronic resource] /
_cAnne Chieko Moore [editor].
260 _aNew York :
_bNova Science Publishers,
_c2009.
300 _aviii, 67 p. :
_bill., ports.
490 1 _aPresidential wives series
500 _aOriginally published: 2005.
504 _aIncludes bibliographical references and index.
533 _aElectronic reproduction.
_bPalo Alto, Calif. :
_cebrary,
_d2013.
_nAvailable via World Wide Web.
_nAccess may be limited to ebrary affiliated libraries.
600 1 0 _aHarrison, Caroline Lavinia Scott,
_d1832-1892.
600 1 0 _aHarrison, Benjamin,
_d1833-1901.
650 0 _aPresidents' spouses
_zUnited States
_vBiography.
655 7 _aElectronic books.
_2local
700 1 _aMoore, Anne Chieko.
710 2 _aebrary, Inc.
830 0 _aPresidential wives series.
856 4 0 _uhttp://site.ebrary.com/lib/rucke/Doc?id=10675017
_zAn electronic book accessible through the World Wide Web; click to view
999 _c57380
_d57380